Quiz spé svt 2025 terminale - Plantes - Statistiques

Statistiques générales
  • Ce quiz a été pris 617 fois
    379 depuis la dernière actualisation
  • Le résultat moyen est 7 sur 20
Statistiques - réponses
Hint Réponse % Correct
Quel vaisseau de sève conduit la sève brute Xyleme
94%
Quelle partie de la feuille s'ouvre pour faire entrer du CO2 et faire sortir de l'O2 Stomate
90%
Quelle sève conduit le Phloeme Élaborée
69%
Comment appelle-t-on la zone de multiplication cellulaire Méristème
50%
Comment appelle-t-on l'ensemble d'un nœud , d'un bourgeon latéral et d'un entre-noeud Phytomere
49%
Symbiose entre un champignon et la plante Mycorhize
43%
Quel ingrédient se transforme en O2 lors de la première phase de la photosynthèse eau
40%
Quelle molécule organique sert d'autodéfense a la plante et permet l'empoisonnement de son prédateur Tanin
39%
Quel terme désigne la formation de nouveaux organes Organogenese
33%
En quoi se transforme les ovules après la fécondation Graines
29%
Que forme le pollen lors de la fécondation Tube pollinique
21%
Vers quelle partie de la racine se fait le développement Apex
17%
Comment appelle-t-on la relation entre l'Homme et les espèces qu'il cultive ( plus forte que mutualiste) Coévolution
16%
Comment appelle-t-on une plante dont la pollinisation se fait par le vent Anemophile
15%
Quelle technique consiste a insérer un gène intéressant a une plante receveuse ( juste les initiales) OGM
14%
Comment appelle-t-on la dernière étape de la reproduction des plantes ( avec gamètes) Germination
11%
Quel terme désigne la modification de la direction de la croissance d'une plante Tropisme
11%
Comment se nomme le cycle permettant la réduction du CO2 Calvin-Benson
9%
Comment appelle-t-on la sélection ancestrale qui consistait a choisir les plantes les plus performantes Empirique
9%
Quel processus est capable de découper l'ADN avec précision grâce a l'enzyme Cas9 Ciseau moléculaire
4%
Aucun quiz correspondant
Distribution des résultats
% des personnes avec chaque résultat
Percentile par nombre de réponses
Votre historique - résultats
Vous n’avez pas pris ce quiz depuis la dernière actualisation